000
00353nam a2200169Ia 4500
003
0100
008
130303s9999 xx 000 0 und d
040
_c
ARRUPELIB
050
_a
JC73.E353
100
_a
Ehrenberg, Victor
245
4
_a
The Greek State
260
_a
NY
260
_b
Barnes Noble
260
_C
1960
300
_a
280p
942
0
0
_0
1
999
_c
46592
_d
46592